000 00544nam a2200181Ia 4500
005 20250326142942.0
008 250326s9999 xx 000 0 und d
037 _aTextbook
040 _aFMSL
_beng
_cFMSL
041 _aeng
_2eng
084 _aX:8DobB P0
_qFMSL
100 _aIlinski K
_9746971
245 0 _aPhysics of Fice:gauge modelling in non-equilibrium pricing
_cIlinski K
260 _aNew York
_bNew York, John Willey & Sons, Ltd.
_c2000
300 _aix,323
942 _cTB
_hX:8DobB P0
999 _c1297428
_d1297428